[Event "Thailand Pattaya Open 2018"]
[Site "Pattaya"]
[Date "2018.10.29"]
[Round "4"]
[White "Nguyen, Huynh Minh Huy"]
[Black "Chan, Yi Meng Ryan"]
[Result "1-0"]
[WhiteElo "2410"]
[BlackElo "1938"]
[Annotator "TA"]
[PlyCount "63"]
[EventDate "2018.10.24"]
[EventType "swiss"]
[EventCountry "THA"]
[SourceTitle "playchess.com"]
[Source "ChessBase"]
[SourceQuality "1"]

{[%evp 22,63,33,30,83,77,101,104,159,156,171,168,183,170,182,168,246,243,246,243,239,255,237,253,246,243,240,243,343,344,387,383,476,447,458,490,481,472,533,526,1018,1004,1022,1007]} 1. d4 d5 2. c4 e6 3. Nc3 Nf6 4. Bg5 Be7 5. e3 Nbd7 6. Nf3 h6 7. Bf4 O-O 8. h3 {D53: Damengambit (Hauptvariante, Abweichungen)} (8. c5 Nh5 9. Bd3 Nxf4 10. exf4 c6 11. O-O b6 12. b4 a5 13. a3 Qc7 14. g3 Ba6 15. Bxa6 Rxa6 16. Qe2 Rfa8 17. b5 cxb5 18. c6 Qxc6 19. Nxb5 Rc8 20. Nd6 Rca8 21. Nb5 Rc8 22. Nd6 Rca8 {½-½ (22) Korobov,A (2692)-Kuzubov,Y (2651) Rivne 2016}) 8... a6 9. c5 c6 10. Bd3 b6 $146 ({Vorgänger:} 10... Ne8 11. b4 b6 12. Bc2 f5 13. Ne5 Nxe5 14. Bxe5 Nf6 15. O-O Nd7 {½-½ (43) Kopp,J (1957)-Didinger,E (1910) Germany 2011}) 11. b4 a5 12. a3 {LiveBook: 20 Partien} bxc5 (12... Ba6 $11 {bleibt in der Remisbreite.}) 13. bxc5 $16 Nh5 14. Bh2 f5 (14... Nhf6 $142 15. Rb1 Ba6) 15. O-O Ba6 16. Bxa6 Rxa6 17. Rb1 Qc8 18. Na4 Bd8 (18... Nhf6 $142 19. Qc2 Ne4) 19. Bd6 $18 Re8 20. Qb3 Ra7 21. Nb6 Nxb6 22. cxb6 Rb7 23. Bc5 Nf6 24. Qa4 Nd7 (24... Ne4 {war einen Versuch wert.} 25. Qxa5 Nxc5) 25. Ne5 ({Finger weg von} 25. Qxa5 Nxc5 26. dxc5 e5 $18) 25... Nxe5 26. dxe5 Rb8 27. Qxa5 {Weiß steht klar auf Gewinn.} Ra8 28. Qb4 Qb7 29. Rfc1 Ra6 30. a4 Be7 31. Bxe7 Rxe7 {[#]} 32. Qxe7 $1 {[%mdl 512] Precision: Weiß = 98%, Schwarz = 26%.} 1-0

[Event "Thailand Pattaya Open 2018"]
[Site "Pattaya"]
[Date "2018.10.29"]
[Round "4"]
[White "Villamayor, Buenaventura"]
[Black "Tran, Tuan Minh"]
[Result "0-1"]
[WhiteElo "2403"]
[BlackElo "2506"]
[Annotator "TA"]
[PlyCount "78"]
[EventDate "2018.10.24"]
[EventType "swiss"]
[EventCountry "THA"]
[SourceTitle "playchess.com"]
[Source "ChessBase"]
[SourceQuality "1"]

{[%evp 11,78,-4,0,-5,-4,0,-33,-36,44,49,27,-27,-24,-37,-38,-31,0,-42,7,0,4,0,15,8,20,19,49,-5,-19,-68,-75,-74,-66,-64,-66,-82,-67,-106,-102,-104,-106,-122,-112,-120,-68,-131,-91,-94,179,173,176,51,46,59,51,-49,-53,-55,-72,-464,-448,-29953,-431,-29956,-29957,-5912,-7056,-29991,-29992]} 1. d4 Nf6 2. Nf3 e6 3. Bg5 c5 4. e3 Qb6 5. Nbd2 cxd4 6. exd4 Qxb2 {LiveBook: 14 Partien} 7. Rb1 {A46: Damenbauernspiele} (7. Bxf6 gxf6 8. Bd3 Nc6 9. O-O Nxd4 10. Rb1 Nxf3+ 11. Qxf3 Qd4 12. Rfe1 Be7 13. Nc4 Qc5 14. Rb5 Qc6 {0-1 (35) Hebden,M (2500)-Fodor,T (2491) Birmingham 2015}) 7... Qc3 8. Bxf6 gxf6 9. Bd3 {Schwarz steht etwas besser.} Bh6 $146 (9... Bg7 $15) ({Vorgänger:} 9... d5 10. O-O Nc6 11. Rb3 Qa5 12. c4 dxc4 13. Bxc4 Bg7 14. Ne4 Qc7 {1-0 (29) Kivimaki,J (2198)-Wenzel,B (2092) Stockholm 2013}) 10. O-O $14 {[%mdl 1024] Weiss hat Kompensation.} d5 11. Rb5 (11. Rb3 $142 Qc7 12. c4) 11... Nd7 $11 12. Rb3 Qc7 13. c4 Nb6 {[%cal Rd5c4]} 14. Qe2 Bd7 15. c5 Nc8 16. Rfb1 b6 17. Nf1 Bf4 18. Ne3 {Sxd5 ist eine echte Drohung.} Kf8 19. Ng4 (19. g3 $14 Bxe3 20. Qxe3) 19... Qd8 $1 20. Bb5 Bxb5 21. Qxb5 ({Viel schlechter ist} 21. Rxb5 $6 h5 $11) 21... h5 22. Ne3 Ne7 23. g3 Bc7 24. a4 Kg7 25. Nh4 Qe8 26. Qa6 Qc6 27. Rc3 Rac8 (27... Rab8 $17 {Droht stark ...bxc5.} 28. Rbc1 b5 29. axb5 Rxb5) 28. Qd3 (28. Rbc1 $1 $15) 28... bxc5 29. Rxc5 {[#]} Qxa4 $2 {[%mdl 8192]} (29... Qa8 $1 $17 {und es läuft.}) 30. Rb7 $18 Nc6 {[#]} 31. Nxd5 ({Lieber} 31. Rc1 $1 $18) 31... exd5 $14 32. Nf5+ Kf8 $1 33. Rxc6 ({Besser ist} 33. Kg2 $1 $14) 33... Qxc6 $15 34. Qa3+ Bd6 $1 {[%cal Rd6a3]} 35. Qxa7 $2 {[%mdl 8192]} (35. Nxd6 $17 {war die entscheidende Verteidigung.} Qc1+ 36. Qxc1 Rxc1+ 37. Kg2) 35... Rh7 $19 {Und weiter mit ...h4! wäre nett.} 36. Rb6 (36. h4 $19 Kg8 37. Rb6 Qc1+ 38. Kg2) 36... Qc1+ 37. Kg2 {[#]} h4 $1 38. h3 (38. Nxh4 Rxh4) 38... Qc2 {( -> ...De4+)} 39. Qd7 Qe4+ {Precision: Weiß = 35%, Schwarz = 48%.} 0-1

[Event "Thailand Pattaya Open 2018"]
[Site "Pattaya"]
[Date "2018.10.29"]
[Round "4"]
[White "Grafil, Franz Robert"]
[Black "Quizon, Daniel"]
[Result "1/2-1/2"]
[WhiteElo "2219"]
[BlackElo "2334"]
[Annotator "ChessBase"]
[PlyCount "87"]
[EventDate "2018.10.24"]
[EventType "swiss"]
[EventCountry "THA"]
[SourceTitle "playchess.com"]
[Source "ChessBase"]
[SourceQuality "1"]
[TimeControl "5400+30"]

1. Nf3 {[%emt 0:00:00]} Nf6 {[%emt 0:03:03]} 2. c4 {[%emt 0:00:30]} g6 {[%emt 0:01:06]} 3. b4 {[%emt 0:00:50]} Bg7 {[%emt 0:07:56]} 4. Bb2 {[%emt 0:00:24]} d6 {[%emt 0:00:46]} 5. g3 {[%emt 0:00:46]} O-O {[%emt 0:06:02]} 6. Bg2 {[%emt 0:00:35]} e5 {[%emt 0:01:12]} 7. d3 {[%emt 0:01:25]} a5 {[%emt 0:03:27]} 8. b5 {[%emt 0:02:21]} Re8 {[%emt 0:04:53]} 9. O-O {[%emt 0:04:05]} Nbd7 {[%emt 0:02:44]} 10. Nbd2 {[%emt 0:04:49]} Nc5 {[%emt 0:09:57]} 11. Rc1 {[%emt 0:08:35]} Nfd7 {[%emt 0:11:03]} 12. Qc2 {[%emt 0:03:41]} Qe7 {[%emt 0:01:45]} 13. e4 {[%emt 0:04:28]} Ne6 {[%emt 0:02:16]} 14. Rfe1 {[%emt 0:04:52]} Ndc5 {[%emt 0:04:38]} 15. h3 {[%emt 0:05:29]} Bd7 {[%emt 0:02:19]} 16. Nb3 {[%emt 0:07:27]} Nxb3 {[%emt 0:03:29]} 17. Qxb3 {[%emt 0:00:58]} a4 {[%emt 0:01:41]} 18. Qb4 {[%emt 0:06:32]} c6 {[%emt 0:03:43]} 19. Ba3 {[%emt 0:01:29]} Nc5 {[%emt 0:00:52]} 20. Rcd1 {[%emt 0:00:53]} cxb5 {[%emt 0:09:35]} 21. cxb5 {[%emt 0:00:42]} Be6 {[%emt 0:00:58]} 22. d4 {[%emt 0:06:41]} exd4 {[%emt 0:01:18]} 23. e5 {[%emt 0:00:14]} b6 {[%emt 0:11:40]} 24. Nxd4 {[%emt 0:05:56]} dxe5 {[%emt 0:02:54]} 25. Nxe6 {[%emt 0:04:17]} Qxe6 {[%emt 0:00:08]} 26. Bxa8 {[%emt 0:01:00]} Rxa8 {[%emt 0:00:01]} 27. Qd2 {[%emt 0:00:16]} Rc8 {[%emt 0:02:58]} 28. Qd6 {[%emt 0:05:02]} Qxa2 {[%emt 0:00:11]} 29. Bxc5 {[%emt 0:00:41]} Bf8 {[%emt 0:00:22]} 30. Qxb6 {[%emt 0:04:16]} Bxc5 {[%emt 0:00:22]} 31. Qf6 {[%emt 0:00:10]} Bd4 {[%emt 0:00:39]} 32. b6 {[%emt 0:03:01]} Qb3 {[%emt 0:00:30]} 33. Rxd4 {[%emt 0:05:04]} exd4 {[%emt 0:00:38]} 34. Qxd4 {[%emt 0:00:40]} a3 {[%emt 0:00:55]} 35. Qd7 {[%emt 0:04:44]} Rf8 {[%emt 0:00:01]} 36. Qa7 {[%emt 0:02:56]} a2 {[%emt 0:00:36]} 37. b7 {[%emt 0:00:11]} Qb1 {[%emt 0:00:24]} 38. Rf1 {[%emt 0:00:08]} Rd8 {[%emt 0:01:06]} 39. Qa8 {[%emt 0:00:38]} Rf8 {[%emt 0:00:19]} 40. h4 {[%emt 0:00:40]} h5 {[%emt 0:00:13]} 41. Kh2 {[%emt 0:01:19]} Qxf1 {[%emt 0:00:35]} 42. Qxf8+ {[%emt 0:00:01]} Kxf8 {[%emt 0:00:08]} 43. b8=Q+ {[%emt 0:00:03]} Kg7 {[%emt 0:00:33]} 44. Qb2+ {[%emt 0:00:03]} 1/2-1/2

[Event "Thailand Pattaya Open 2018"]
[Site "Pattaya"]
[Date "2018.10.29"]
[Round "5"]
[White "Tran, Tuan Minh"]
[Black "Pourramezanali, Amirreza"]
[Result "1-0"]
[WhiteElo "2506"]
[BlackElo "2533"]
[Annotator "ChessBase"]
[PlyCount "67"]
[EventDate "2018.10.24"]
[EventType "swiss"]
[EventCountry "THA"]
[SourceTitle "playchess.com"]
[Source "ChessBase"]
[SourceQuality "1"]
[TimeControl "5400+30"]

1. d4 {[%emt 0:03:51]} e6 {[%emt 0:00:00]} 2. c4 {[%emt 0:00:17]} Nf6 {[%emt 0:00:00]} 3. g3 {[%emt 0:00:31]} d5 {[%emt 0:00:45]} 4. Bg2 {[%emt 0:00:13]} Bb4+ {[%emt 0:00:07]} 5. Nc3 {[%emt 0:03:06]} O-O {[%emt 0:00:16]} 6. Nf3 {[%emt 0:00:07]} dxc4 {[%emt 0:01:13]} 7. O-O {[%emt 0:00:30]} Nc6 {[%emt 0:01:35]} 8. Bg5 {[%emt 0:01:47]} h6 {[%emt 0:03:50]} 9. Bxf6 {[%emt 0:01:14]} Qxf6 {[%emt 0:00:02]} 10. e3 {[%emt 0:00:45]} Rb8 {[%emt 0:10:46]} 11. Ne4 {[%emt 0:37:13]} Qd8 {[%emt 0:02:01]} 12. Qc2 {[%emt 0:17:08]} b5 {[%emt 0:04:20]} 13. b3 {[%emt 0:00:32]} cxb3 {[%emt 0:27:03]} 14. axb3 {[%emt 0:00:15]} Rb6 {[%emt 0:00:09]} 15. Ne1 {[%emt 0:06:07]} e5 {[%emt 0:06:03]} 16. d5 {[%emt 0:00:25]} Ne7 {[%emt 0:02:22]} 17. Nd3 {[%emt 0:01:16]} Nxd5 {[%emt 0:02:40]} 18. Rxa7 {[%emt 0:02:08]} f5 {[%emt 0:05:07]} 19. Rd1 {[%emt 0:09:22]} fxe4 {[%emt 0:06:59]} 20. Nxb4 {[%emt 0:00:05]} Nxb4 {[%emt 0:00:10]} 21. Rxd8 {[%emt 0:00:08]} Nxc2 {[%emt 0:00:05]} 22. Rxf8+ {[%emt 0:00:12]} Kxf8 {[%emt 0:00:04]} 23. Ra8 {[%emt 0:00:24]} Ke7 {[%emt 0:01:23]} 24. Rxc8 {[%emt 0:00:05]} Kd7 {[%emt 0:00:05]} 25. Rg8 {[%emt 0:03:49]} Na1 {[%emt 0:02:14]} 26. Rxg7+ {[%emt 0:00:53]} Kd6 {[%emt 0:01:45]} 27. b4 {[%emt 0:00:19]} Nc2 {[%emt 0:00:38]} 28. Bxe4 {[%emt 0:00:21]} Nxb4 {[%emt 0:00:01]} 29. Rh7 {[%emt 0:00:02]} Nd5 {[%emt 0:10:25]} 30. Rxh6+ {[%emt 0:00:11]} Kc5 {[%emt 0:00:00]} 31. Rxb6 {[%emt 0:02:47]} cxb6 {[%emt 0:00:35]} 32. h4 {[%emt 0:04:31]} b4 {[%emt 0:00:04]} 33. h5 {[%emt 0:01:03]} Nf6 {[%emt 0:02:54]} 34. h6 {[%emt 0:00:12]} 1-0

[Event "Thailand Pattaya Open 2018"]
[Site "Pattaya"]
[Date "2018.10.29"]
[Round "5"]
[White "Laylo, Darwin"]
[Black "Saeheng, Boonsueb"]
[Result "1-0"]
[WhiteElo "2427"]
[BlackElo "2163"]
[Annotator "TA"]
[PlyCount "77"]
[EventDate "2018.10.24"]
[EventType "swiss"]
[EventCountry "THA"]
[SourceTitle "playchess.com"]
[Source "ChessBase"]
[SourceQuality "1"]

{[%evp 23,77,20,66,19,24,20,20,12,13,14,26,0,10,-7,0,-5,22,-5,16,13,8,0,0,0,49,0,0,-43,14,0,60,41,98,89,309,8,13,0,150,106,122,75,80,83,59,37,128,0,0,0,0,0,1271,1247,2010,1970]} 1. d4 d5 2. c4 e6 3. Nf3 Nf6 4. Bg5 Be7 5. Nc3 O-O 6. e3 Nbd7 7. Qc2 h6 8. Bh4 b6 9. cxd5 exd5 10. Bd3 c5 11. O-O Bb7 12. Rad1 Re8 {LiveBook: 4 Games. D55: Queen's Gambit Declined: 4 Bg5 Be7: Lines without ...h6 and 6...h6 7 Bxf6} (12... Rc8 13. Bf5 g6 14. Bd3 c4 15. Be2 Re8 16. Ne5 Nf8 17. f4 a6 18. a4 Bc6 19. g4 b5 20. axb5 axb5 {½-½ (57) Riazantsev,A (2671)-Marin,M (2539) Tallinn 2016}) 13. Bg3 c4 14. Bf5 a6 {The position is equal.} 15. Ne5 b5 16. a3 $146 ({Predecessor:} 16. b3 Nb6 17. bxc4 Nxc4 18. Qb3 Bd6 19. Nd3 Ne4 20. Bxe4 dxe4 21. Nc5 Bxg3 22. hxg3 Bd5 23. Qb4 Nb6 24. Rfe1 Bc4 {0-1 (24) Gaprindashvili,N (2390)-Khurtsilava,I (2233) New Delhi 2000}) 16... Nf8 17. f3 Qb6 18. e4 Rad8 19. Bf2 Ne6 20. exd5 Bxd5 21. Rfe1 Nc7 22. Ne4 Qb7 23. Nc5 Qa7 (23... Bxc5 $5 24. dxc5 Be6 $14) 24. Ne4 Qb7 25. Qc1 Qb6 (25... Be6 $15 26. Nxf6+ Bxf6) 26. Nc5 Qa7 (26... Ne6 $11) 27. Re2 Na8 ({Better is} 27... Bf8 $14) 28. Rde1 {[#] Strongly threatening Ned7.} Nb6 $2 (28... Nc7 $16) 29. Ng4 $2 (29. Bh4 $18) 29... Nxg4 $11 30. Bxg4 Kf8 ({Black should play} 30... Bc6 $1 $11) 31. Qc2 {White wants to mate with Qh7.} g6 32. Be3 Bg5 33. Bxg5 $40 {[%mdl 128] White wants a kill.} hxg5 34. Qd2 f6 (34... Rxe2 $14 35. Rxe2 f6) 35. Qb4 (35. h4 $16) 35... Rxe2 36. Rxe2 Kg8 37. Qe1 Bf7 $2 {[%mdl 8192] [#]} (37... f5 $11) 38. Re7 $18 Qa8 39. Be6 {Precision: White = 40%, Black = 39%.} 1-0

[Event "Thailand Pattaya Open 2018"]
[Site "Pattaya"]
[Date "2018.10.29"]
[Round "5"]
[White "Abelgas, Roel"]
[Black "Saptarshi, Roy"]
[Result "0-1"]
[WhiteElo "2290"]
[BlackElo "2496"]
[Annotator "TA"]
[PlyCount "70"]
[EventDate "2018.10.24"]
[EventType "swiss"]
[EventCountry "THA"]
[SourceTitle "playchess.com"]
[Source "ChessBase"]
[SourceQuality "1"]

{[%evp 16,70,0,-18,2,0,-2,-2,-5,-3,-5,-17,0,0,0,-4,-4,-17,-14,-26,-15,-27,-36,-38,-38,-37,50,46,50,50,58,76,63,72,35,70,55,23,54,0,0,0,0,0,0,-46,-26,-479,-483,-471,-468,-466,-466,-492,-471,-451,-439]} 1. d4 d5 2. c4 e6 3. Nf3 c6 4. cxd5 exd5 5. Nc3 Bd6 6. Qc2 Ne7 7. Bg5 f6 8. Bh4 Bf5 9. Qd2 {LiveBook: 52 Partien} Bg6 {D31: Damengambit (Halbslawisch)} (9... g5 {looks sharper.} 10. Bg3 Na6 11. e3 Nc7 12. Bd3 h5) (9... g5 10. Bg3 Ng6 11. Bxd6 Qxd6 12. e3 Be4 {0-1 (12) Barcenilla,R (2446)-Azarov,S (2556) Saint Louis 2017}) 10. Bg3 Nf5 11. Bxd6 Nxd6 {Die Stellung ist ausgeglichen.} 12. e3 $146 ({Vorgänger:} 12. b3 Na6 13. Nh4 Bh5 14. e3 Nc7 15. Bd3 Qe7 16. Qc2 Ne6 17. Kd2 {0-1 (37) Parrella,A (2225)-Bellincampi,S (2060) Catania 1995}) 12... Nd7 13. Bd3 Bxd3 14. Qxd3 O-O 15. O-O Qe7 16. Qc2 f5 17. Rfe1 Ne4 18. Ne2 g5 19. Nc1 g4 20. Nd2 {[#]} Nxf2 $1 {[%mdl 512]} 21. Kxf2 $14 {Sd3 ist eine echte Drohung.} Qh4+ 22. Ke2 $1 f4 {Droht stark ...fxe3.} 23. Kd1 $1 Rae8 24. g3 fxg3 25. hxg3 Qxg3 26. Qb3 ({Nicht} 26. Rh1 Rf7 $17) 26... Nb6 27. e4 ({Besser ist} 27. a4 $1 $14) 27... Qf2 $36 {[%mdl 2048] Weiss steht unter Druck.} 28. Ne2 Rf3 29. Nxf3 gxf3 {[%cal Bg4f3,Bf3e2][%mdl 32]} 30. e5 {zielt auf Dd3 ab.} Nc4 $1 31. Qxb7 $2 {[%mdl 8192]} (31. Rb1 $11 {und Weiss ist OK.}) 31... fxe2+ $19 {Schwarz steht klar auf Gewinn.} 32. Kc2 {jetzt Tg1+ und aus.} Qf5+ 33. Kc3 {[#]} Qf3+ $1 34. Kb4 {Droht Matt per Tg1+.} Qf8+ 35. Kc3 Rb8 {Precision: Weiß = 33%, Schwarz = 66%.} 0-1

[Event "Thailand Pattaya Open 2018"]
[Site "Pattaya"]
[Date "2018.10.29"]
[Round "5"]
[White "Kongsee, Uaychai"]
[Black "Nguyen, Huynh Minh Huy"]
[Result "0-1"]
[WhiteElo "2245"]
[BlackElo "2410"]
[Annotator "TA"]
[PlyCount "112"]
[EventDate "2018.10.24"]
[EventType "swiss"]
[EventCountry "THA"]
[SourceTitle "playchess.com"]
[Source "ChessBase"]
[SourceQuality "1"]

{[%evp 16,112,20,0,-2,-14,-9,-11,-26,-19,16,-47,-38,-23,-14,-85,-81,-106,-110,-110,-50,-75,0,-83,-33,-34,0,0,22,0,0,0,0,0,26,28,41,0,0,0,0,-91,0,0,0,-74,0,-82,-102,-111,-73,-123,-116,-165,-173,-166,-166,-165,-161,-202,-204,-468,-324,-315,-324,-363,-339,-385,-312,-325,-308,-294,-245,-269,-232,-343,-306,-413,-394,-538,-538,-538,-538,-538,-533,-508,-500,-637,-632,-647,-614,-647,-647,-647,-616,-616,-605,-534,-526]} 1. e4 c5 2. Nf3 d6 3. d4 cxd4 4. Qxd4 Nc6 5. Bb5 Bd7 6. Qd3 g6 7. c4 {B53: Sicilian: 2...d6: Lines with Qxd4} Bg7 8. Nc3 Nf6 9. h3 {LiveBook: 24 Games. The position is equal.} Nb4 10. Qe2 a6 11. Bxd7+ Nxd7 12. O-O Rc8 $146 (12... Bxc3 $5 13. bxc3 Nc6 $14) ({Predecessor:} 12... Bxc3 13. bxc3 Nc6 14. Rb1 Qc7 {0-1 (34) Ponomariov,R (2694)-Volokitin,A (2628) Riadh 2017}) 13. Bg5 (13. Bd2 $11) 13... Bxc3 $1 $15 14. bxc3 Nc6 15. c5 (15. Rab1 $11) 15... Nxc5 $17 16. e5 dxe5 17. Nxe5 {[#] Threatens to win with Rfe1.} Ne6 ({Better is} 17... Qd5 $17 18. Nf3 O-O) 18. Bh6 $1 $15 Qd5 (18... Nxe5 $17 19. Qxe5 Rg8) 19. f4 (19. Ng4 $11 {keeps the balance.}) 19... f5 {White must now prevent ...Nxe5.} 20. Nf3 $1 Qe4 21. Qb2 {And now c4 would win.} Ncd8 22. c4 Rg8 $36 {[%mdl 2048] Black fights for an advantage.} 23. Rfe1 Qc6 24. Ne5 Qc5+ 25. Kh1 Qc7 26. Rad1 {[%mdl 1024] White has compensation.} Nc5 $1 27. Nd3 Ne4 28. Bg7 (28. Ne5 $11) 28... Ne6 (28... Qxc4 $17 {Hoping for ...Qc2.} 29. Rc1 Qe6) 29. Be5 $11 Qc6 30. Kh2 (30. Bd4 $1 $11) 30... N6c5 ({Black should try} 30... Rd8 $17) 31. Nb4 (31. Nxc5 $11 {remains equal.} Qxc5 32. Qxb7) 31... Qb6 $17 32. Qa3 Kf7 33. Nd5 Qc6 34. Qa5 Qa4 35. Qxa4 Nxa4 36. Rb1 Nac5 37. Rb6 Rgd8 38. Bd4 $2 {[#]} (38. Rd1 {is a better defense.}) 38... e6 39. Bxc5 Nxc5 ({Stronger than} 39... Rxc5 40. Rxb7+ Kg8 41. Rxe4 $11) 40. Ne3 Rd2 41. Nf1 Rd4 42. Kg3 Rxc4 43. Nd2 Rc3+ 44. Nf3 Rc6 45. Rbb1 (45. Rxc6 $142 bxc6 46. Rb1) 45... Rd6 46. Kh4 Kf6 47. Red1 Rxd1 {Black is clearly winning.} 48. Rxd1 $19 {[%mdl 4096] Endgame KRN-KRN} Nd3 49. Kg3 h6 50. h4 b5 51. h5 gxh5 52. Rh1 e5 53. fxe5+ Nxe5 54. Rxh5 Nxf3 55. gxf3 Kg6 56. Rh2 Kg5 {Precision: White = 36%, Black = 61%.} 0-1

[Event "Thailand Pattaya Open 2018"]
[Site "Pattaya"]
[Date "2018.10.29"]
[Round "5"]
[White "Persson, Richard"]
[Black "Villamayor, Buenaventura"]
[Result "0-1"]
[WhiteElo "2138"]
[BlackElo "2403"]
[Annotator "ChessBase"]
[PlyCount "54"]
[EventDate "2018.10.24"]
[EventType "swiss"]
[EventCountry "THA"]
[SourceTitle "playchess.com"]
[Source "ChessBase"]
[SourceQuality "1"]
[TimeControl "5400+30"]

1. g3 {[%emt 0:00:44]} c5 {[%emt 0:01:09]} 2. Bg2 {[%emt 0:02:11]} Nc6 {[%emt 0:00:27]} 3. Nc3 {[%emt 0:09:49]} g6 {[%emt 0:02:07]} 4. e4 {[%emt 0:02:06]} Bg7 {[%emt 0:00:08]} 5. f4 {[%emt 0:01:12]} e6 {[%emt 0:07:43]} 6. d3 {[%emt 0:14:27]} Nge7 {[%emt 0:01:16]} 7. Nf3 {[%emt 0:04:18]} d5 {[%emt 0:01:19]} 8. O-O {[%emt 0:10:52]} O-O {[%emt 0:03:06]} 9. Kh1 {[%emt 0:18:25]} Rb8 {[%emt 0:02:44]} 10. Bd2 {[%emt 0:10:08]} b5 {[%emt 0:01:27]} 11. Rb1 {[%emt 0:01:13]} b4 {[%emt 0:01:37]} 12. Ne2 {[%emt 0:00:13]} dxe4 {[%emt 0:00:56]} 13. dxe4 {[%emt 0:00:16]} Ba6 {[%emt 0:00:24]} 14. Re1 {[%emt 0:02:42]} Qb6 {[%emt 0:04:31]} 15. Qc1 {[%emt 0:02:58]} Rfd8 {[%emt 0:01:31]} 16. Be3 {[%emt 0:01:52]} Nd4 {[%emt 0:01:02]} 17. Nexd4 {[%emt 0:01:22]} cxd4 {[%emt 0:01:34]} 18. Bg1 {[%emt 0:00:24]} Qa5 {[%emt 0:06:50]} 19. Rd1 {[%emt 0:04:58]} d3 {[%emt 0:03:15]} 20. cxd3 {[%emt 0:05:43]} Bxd3 {[%emt 0:00:54]} 21. e5 {[%emt 0:02:06]} Rbc8 {[%emt 0:02:09]} 22. Qe3 {[%emt 0:01:22]} Bxb1 {[%emt 0:00:13]} 23. Rxb1 {[%emt 0:00:16]} Qxa2 {[%emt 0:00:13]} 24. Re1 {[%emt 0:01:19]} a5 {[%emt 0:00:34]} 25. Re2 {[%emt 0:00:18]} Rd1 {[%emt 0:01:12]} 26. h4 {[%emt 0:00:29]} Nf5 {[%emt 0:00:23]} 27. Qf2 {[%emt 0:00:11]} Bf8 {[%emt 0:00:20]} 0-1

[Event "Thailand Pattaya Open 2018"]
[Site "Pattaya"]
[Date "2018.10.29"]
[Round "6"]
[White "Pourramezanali, Amirreza"]
[Black "Salvador, Louie"]
[Result "1-0"]
[WhiteElo "2533"]
[BlackElo "2192"]
[Annotator "RC"]
[PlyCount "99"]
[EventDate "2018.10.24"]
[EventType "swiss"]
[EventCountry "THA"]
[SourceTitle "playchess.com"]
[Source "ChessBase"]
[SourceQuality "1"]
[TimeControl "5400+30"]

1. c4 {[%emt 0:00:00]} c6 {[%emt 0:02:31]} 2. g3 {[%emt 0:00:00]} Nf6 {[%emt 0:00:13]} 3. Nf3 {[%emt 0:00:00]} d5 {[%emt 0:00:07]} 4. Bg2 {[%emt 0:00:00]} Bg4 {[%emt 0:04:36]} 5. Ne5 {[%emt 0:00:15]} Be6 {[%emt 0:04:44]} 6. cxd5 {[%emt 0:00:14]} Bxd5 {[%emt 0:00:35]} 7. Nf3 {[%emt 0:00:02]} c5 {[%emt 0:00:21]} 8. Nc3 {[%emt 0:00:07]} Bc6 {[%emt 0:00:03]} 9. O-O {[%emt 0:00:13]} e6 {[%emt 0:00:08]} 10. Re1 {[%emt 0:00:36]} Be7 {[%emt 0:00:12]} 11. e4 {[%emt 0:00:28]} O-O {[%emt 0:02:45]} 12. d4 {[%emt 0:00:15]} cxd4 {[%emt 0:00:01]} 13. Nxd4 {[%emt 0:00:02]} Qb6 {[%emt 0:00:29]} 14. Nb3 {[%emt 0:13:38]} Rd8 {[%emt 0:09:01]} 15. Qe2 {[%emt 0:00:23]} Na6 {[%emt 0:10:06]} 16. Be3 {[%emt 0:01:48]} Qb4 {[%emt 0:02:20]} 17. Rac1 {[%emt 0:00:33]} Nc5 {[%emt 0:18:36]} 18. Nxc5 {[%emt 0:03:21]} Bxc5 {[%emt 0:00:01]} 19. Nd5 {[%emt 0:05:49]} exd5 {[%emt 0:00:58]} 20. Bxc5 {[%emt 0:00:03]} Qb5 {[%emt 0:00:43]} 21. Qxb5 {[%emt 0:01:46]} Bxb5 {[%emt 0:00:01]} 22. Be7 {[%emt 0:00:12]} Rd7 {[%emt 0:06:03]} 23. Bxf6 {[%emt 0:00:32]} gxf6 {[%emt 0:00:01]} 24. exd5 {[%emt 0:00:48]} Rad8 {[%emt 0:00:08]} 25. Rc3 {[%emt 0:07:11]} b6 {[%emt 0:01:05]} 26. Bf3 {[%emt 0:02:38]} Ba6 {[%emt 0:00:55]} 27. Rd1 {[%emt 0:00:07]} Kf8 {[%emt 0:01:06]} 28. Kg2 {[%emt 0:00:23]} Bb7 {[%emt 0:01:34]} 29. Rcd3 {[%emt 0:01:07]} Ke7 {[%emt 0:02:28]} 30. d6+ {[%emt 0:03:47]} Rxd6 {[%emt 0:01:08]} 31. Rxd6 {[%emt 0:00:09]} Bxf3+ {[%emt 0:00:06]} 32. Kxf3 {[%emt 0:00:03]} Rxd6 {[%emt 0:00:00]} 33. Rxd6 {[%emt 0:00:06]} Kxd6 {[%emt 0:00:20]} 34. Ke4 {[%emt 0:00:01]} Ke6 {[%emt 0:04:37]} 35. g4 {[%emt 0:08:48]} f5+ {[%emt 0:15:55]} 36. gxf5+ {[%emt 0:00:44]} Kd6 {[%emt 0:01:49]} 37. f6 {[%emt 0:03:16]} Ke6 {[%emt 0:00:02]} 38. a4 {[%emt 0:00:04]} a5 {[%emt 0:06:58]} 39. Kd4 {[%emt 0:03:26]} Kd6 {[%emt 0:00:30]} 40. Kc4 {[%emt 0:00:30]} Kc6 {[%emt 0:00:30]} 41. b4 {[%emt 0:00:30]} axb4 {[%emt 0:00:30]} 42. Kxb4 {[%emt 0:00:30]} Kc7 {[%emt 0:00:30]} 43. Kb5 {[%emt 0:00:30]} Kb7 {[%emt 0:00:30]} 44. f3 {[%emt 0:00:30]} h6 {[%emt 0:00:30]} 45. h3 {[%emt 0:00:30]} h5 {[%emt 0:00:30]} 46. h4 {[%emt 0:00:30]} Kc7 {[%emt 0:00:30]} 47. Ka6 {[%emt 0:00:30]} Kc6 {[%emt 0:00:30]} 48. f4 {[%emt 0:00:30]} Kc7 {[%emt 0:00:30]} 49. Ka7 {[%emt 0:00:30]} Kc6 {[%emt 0:00:30]} 50. Kb8 {[%emt 0:00:30]} 1-0

[Event "Thailand Pattaya Open 2018"]
[Site "Pattaya"]
[Date "2018.10.29"]
[Round "6"]
[White "Saptarshi, Roy"]
[Black "Tran, Tuan Minh"]
[Result "1/2-1/2"]
[WhiteElo "2496"]
[BlackElo "2506"]
[Annotator "TA"]
[PlyCount "20"]
[EventDate "2018.10.24"]
[EventType "swiss"]
[EventCountry "THA"]
[SourceTitle "playchess.com"]
[Source "ChessBase"]
[SourceQuality "1"]

{[%evp 9,20,21,27,13,27,27,29,38,16,0,20,-8,16]} 1. d4 Nf6 2. Nf3 g6 3. Nbd2 d5 4. b4 Bg7 5. e3 O-O 6. Bb2 {D02: 1 d4 d5 2 Nf3 sidelines, including 2...Nf6 3 g3 and 2...Nf6 3 Bf4} (6. c4 a5 7. b5 c5 8. Bb2 Nbd7 9. Be2 b6 10. O-O Bb7 11. Rc1 Rc8 12. cxd5 Bxd5 13. Bc4 Bb7 14. Qe2 {1-0 (45) Inarkiev,E (2690)-Wei,Y (2735) Magas 2018}) 6... a5 7. b5 a4 8. Ba3 Re8 9. c4 c6 10. bxc6 $146 ({Predecessor:} 10. Bd3 cxb5 11. cxb5 Bg4 12. Qc2 Nbd7 13. O-O Bxf3 14. Nxf3 {½-½ (43) Geshko,A (2213)-Golubev,R (2379) Moscow 2018}) 10... bxc6 1/2-1/2